000 00283nam a22001217a 4500
008 170401b xxu||||| |||| 00| 0 eng d
041 _aeng
080 _a617
100 _a8
101 _aSHM
245 _aMAY'S MANUAL OF THE DISEASE OF THE EYE
_cPERERA, CH.A
942 _2udc
_cBK
999 _c9370
_d9370